El presidente visita Badalona
Publicado:
San Jorge, núm. 70 - 71 (2n - 3r trimestre 1968), pàg 147 - 148 :
MARC
| LEADER | 00000nam a2200000Ia 4500 | ||
|---|---|---|---|
| 008 | 160829s9999 xx 000 0 cat d | ||
| 245 | |a El presidente visita Badalona | ||
| 260 | |a San Jorge, núm. 70 - 71 (2n - 3r trimestre 1968), pàg 147 - 148 | ||
| 600 | 0 | |a Muller i d'Abadal, Josep M., |d 1919-1981 |9 28922 | |
| 650 | 0 | |a Visites oficials |9 54039 |z Barcelona (Província) | |
| 651 | 0 | |a Badalona |9 50685 | |
| 901 | |a Arxiu | ||
| 942 | |n 1 |2 udc | ||
| 952 | |0 0 |1 0 |4 0 |7 1 |9 49564 |a Arxiu |b Arxiu |d 2016-12-01 |l 0 |r 2016-12-01 00:00:00 |w 2016-12-01 |y ARXIU | ||
| 999 | |c 53406 |d 53406 | ||